000 005580000a22001930004500
003 LK-CoMWRAF
005 20231006102217.0
008 230817t ||||| |||| 00| 0 eng d
040 _aLK-CoMWRAF
_dLK-CoMWRAF
_eLK-CoMWRAF
041 _aeng
082 _a297.122
_bALH
100 _aAl-Hilali, Muhammad Taqi-ud-Din
110 _aKhan, Muhammad Muhsin
245 _aTranslation of the meanings of The Noble Qur'an :
_bIn the English language
260 _aSaudi Arabia :
_bKing Fahd Complex,
300 _a956p
650 _aQuran--Translations
942 _cBK
999 _c47
_d47